| 000 | 00670nam a2200241Ia 4500 | ||
|---|---|---|---|
| 003 | OSt | ||
| 005 | 20220918173722.0 | ||
| 006 | a|||||r|||| 00| 0 | ||
| 007 | ta | ||
| 008 | 220917b |||||||| |||| 00| 0 eng d | ||
| 024 | _a7,985 | ||
| 037 | _cTextual | ||
| 040 |
_aARTS _cARTS _beng |
||
| 041 |
_2eng _aeng |
||
| 082 | _a64, L3 | ||
| 100 |
_aBaxi Samita J _947112 |
||
| 245 | 0 |
_aModern museum _b Organisation and practice in India |
|
| 260 |
_aNew Delhi _bAbhinav India _c1973 |
||
| 300 |
_axv, 208p. Appendix _ccm. |
||
| 700 |
_a Dwivedi Vinod P _947113 |
||
| 942 |
_h64, L3 _cTEXL _2CC |
||
| 999 |
_c149777 _d149777 |
||